000 00792nam a22001935i 4500
001 169330
003 ES-MaACL
005 20250808085335.0
008 080901s1970 sp |||| | spa d
080 _a342.7(8=134.2)"15"
100 1 _aPérez de Tudela y Bueso, Juan,
_d1922-2004
_990810
245 1 3 _aEl presidente Loaysa, la Real Provición de Granada y las leyes nuevas /
_c[Juan Pérez de Tudela].
260 _aValladolid :
_bUniversidad de Valladolid, Seminario d Historia de América,
_c1970.
300 _aP. 49-60 ;
_c25 cm.
595 _aSeparata de: El Consejo de Las Indias en el Siglo XVI, nº 1 de la Serie Americanista "Bernal"
650 0 4 _aDerecho colonial-
_zAmérica española
_911671
852 _aES-MaACL
_j2233-F-25
_9R.142457
999 _c169330
_d169330